Housing Capital : Resource and Representation.

Bibliographic Details
Main Author: Derix, Simone.
Other Authors: Lanzinger, Margareth.
Format: eBook
Language:English
Published: Berlin/München/Boston : Walter de Gruyter GmbH, 2017.
Edition:1st ed.
Subjects:
Online Access:Click to View
LEADER 02172nam a22003733i 4500
001 EBC5535321
003 MiAaPQ
005 20231204023214.0
006 m o d |
007 cr cnu||||||||
008 231204s2017 xx o ||||0 eng d
020 |a 9783110532241  |q (electronic bk.) 
020 |z 9783110529944 
035 |a (MiAaPQ)EBC5535321 
035 |a (Au-PeEL)EBL5535321 
035 |a (OCoLC)1197552014 
040 |a MiAaPQ  |b eng  |e rda  |e pn  |c MiAaPQ  |d MiAaPQ 
100 1 |a Derix, Simone. 
245 1 0 |a Housing Capital :  |b Resource and Representation. 
250 |a 1st ed. 
264 1 |a Berlin/München/Boston :  |b Walter de Gruyter GmbH,  |c 2017. 
264 4 |c {copy}2017. 
300 |a 1 online resource (170 pages) 
336 |a text  |b txt  |2 rdacontent 
337 |a computer  |b c  |2 rdamedia 
338 |a online resource  |b cr  |2 rdacarrier 
505 0 |a Intro -- Contents -- Housing Capital: Interdisciplinary Perspectives on a Multifaceted Resource -- Houses and the Range of Wealth in Early Modern Gender- and Intergenerational Relationships -- Haushaben: Houses as Resources in Early Modern Frankfurt -- Transforming the House: The Photography of Julia Margaret Cameron -- The Country House as a Transitory Locus for Soldiers in Polish Literature on the First World War -- New Farmsteads in the SOZ/GDR: Politicial Implications and Adaptation Processes -- Maintaining, Repairing, Refurbishing: The Western German Do-it-Yourselfers and their Homes -- Forum -- Against All Odds: How to Re-Inscribe Islam into European History -- List of Contributors. 
588 |a Description based on publisher supplied metadata and other sources. 
590 |a Electronic reproduction. Ann Arbor, Michigan : ProQuest Ebook Central, 2023. Available via World Wide Web. Access may be limited to ProQuest Ebook Central affiliated libraries.  
655 4 |a Electronic books. 
700 1 |a Lanzinger, Margareth. 
776 0 8 |i Print version:  |a Derix, Simone  |t Housing Capital  |d Berlin/München/Boston : Walter de Gruyter GmbH,c2017  |z 9783110529944 
797 2 |a ProQuest (Firm) 
856 4 0 |u https://ebookcentral.proquest.com/lib/matrademy/detail.action?docID=5535321  |z Click to View